Grundzuge der algebra
Saved in:
| Main Author: | |
|---|---|
| Other Authors: | |
| Format: | Book |
| Language: | German |
| Published: |
Leipzig :
B.G.Teubner Verlagsgesellschaft,
1957-1960
|
| Series: | Mathematisch-Naturwissenschaftliche bibliothek
|
| Subjects: | |
| Tags: |
Add Tag
No Tags, Be the first to tag this record!
|
MARC
| LEADER | 00000cam a2200000 i 4500 | ||
|---|---|---|---|
| 001 | 1/101436 | ||
| 008 | 090218m19571960 ger d | ||
| 035 | |l 10103262 | ||
| 040 | |a GR-MY-UA |b gre |e aacr | ||
| 041 | 0 | |a ger | |
| 082 | 0 | |a 512.9 |2 (22) | |
| 100 | 1 | |a Lugowski, Herbert. | |
| 245 | 1 | 0 | |a Grundzuge der algebra / |c Herbert Lugowski, Hanns Joachim Weinert |
| 260 | |a Leipzig : |b B.G.Teubner Verlagsgesellschaft, |c 1957-1960 | ||
| 300 | |a 3 τ.; |c 20 εκ. | ||
| 490 | 1 | |a Mathematisch-Naturwissenschaftliche bibliothek | |
| 500 | |a Mit 15 Abbildungen | ||
| 504 | |a Περιέχει βιβλιογραφικές παραπομπές και ευρετήριο | ||
| 505 | 0 | |a Τ. 1 Allgemeine Gruppentheorie -- Τ. 2 Allgemeine Ring- und Korpertheorie -- Τ. 3 Auflosungstheorie Algebraischer Gleichungen | |
| 650 | 0 | 0 | |a Algebra. |
| 700 | 1 | |a Weinert, Hanns Joachim. | |
| 740 | 0 | 2 | |a Allgemeine Gruppentheorie |
| 740 | 0 | 2 | |a Allgemeine Ring- und Korpertheorie |
| 740 | 0 | 2 | |a Auflosungstheorie Algebraischer Gleichungen |
| 830 | 0 | |a Mathematisch-Naturwissenschaftliche bibliothek | |
| 852 | |a INST |b SAMOS |c MAG |e 20090218 |h 512.9 LUG |p 005300029337 |q 005300029337 |t BK |v τ.1: |y 0 |z τ.1 | ||
| 852 | |a INST |b SAMOS |c MAG |e 20090218 |h 512.9 LUG |p 005300029338 |q 005300029338 |t BK |v τ.2: |y 0 |z τ.2 | ||
| 852 | |a INST |b SAMOS |c MAG |e 20090218 |h 512.9 LUG |p 005300029339 |q 005300029339 |t BK |v τ.3: |y 0 |z τ.3 | ||
| 853 | |a INST |b SAMOS |c MAG |h 512.9 LUG | ||
| 901 | |a BIBL3-2009-1 | ||
| 909 | |a Σ |b 155621 | ||
| 909 | |a Σ |b 155622 | ||
| 909 | |a Σ |b 155623 | ||
| 970 | |a ΡΟΥΣΣΟΥ |b ΚΩΝΣΤΑΝΤΙΝΑ |z 2009/02/18 | ||